000 00862cam a2200205 4500
001 WS114285
008 010822n 000 0 eng u
035 _a(Sirsi) u114285
110 _aAmerican Society of Professional Estimators
_94119
245 _aAmerican Socieity of Professional Estimators
520 _aWeb site for this American organisation which 'serves construction estimators by providing education, fellowship and opportunity for professional development'. Includes details of estimating software, conversion software and addresses of other construction organisations.
650 _aUSA
650 _aINTERNATIONAL
650 _aESTIMATORS
650 _aORGANISATION
650 _aSOFTWARE
690 _aBUILT ENVIRONMENT
856 4 0 _uhttps://www.aspenational.com
_zView the website free of charge at www.aspenational.com...
942 _n0
999 _c119861
_d119861